Normal view
MARC view
Entry Personal Name
001 - CONTROL NUMBER
- control field: 244965
003 - CONTROL NUMBER IDENTIFIER
- control field: OSt
005 - DATE AND TIME OF LATEST TRANSACTION
- control field: 20251111105847.0
008 - FIXED-LENGTH DATA ELEMENTS
- fixed length control field: 251111|| aca||aabn | a|a d
040 ## - CATALOGING SOURCE
- Original cataloging agency: OSt
- Transcribing agency: OSt
100 ## - HEADING--PERSONAL NAME
- Personal name: Chandrakanta Pokale
- Dates associated with a name: ಚಂದ್ರಕಾಂತ ಪೋಕಳೆ tr
670 ## - SOURCE DATA FOUND
- Source citation: Work cat.: (OSt)120630: IRAVATI KARVE 167500 ಇರಾವತಿ ಕರ್ವೆ, Namma samskrati: samskrati chintaneya bidi barahagalu , 2016